Лекции по курсу "Основы автоматизации физического эксперимента": учебное пособие

Detalles Bibliográficos
Autor Principal: Байструков К. И. Константин Иванович
Autor Corporativo: Национальный исследовательский Томский политехнический университет (ТПУ)
Summary:Заглавие с титульного экрана
Электронная версия печатной публикации
В пособие вошли десять тематических лекций, которые охватывают основные вопросы построения систем автоматизации экспериментов от первичных измерительных преобразователей до компьютерной обработки измерительной информации. Рассмотрены элементы компьютерных измерительных систем, особое внимание уделено специальным схемам обработки сигналов, получаемых в экспериментах. Предназначено для студентов, обучающихся по специальностям 140302 «Физика атомного ядра и частиц», 140307 «Радиационная безопасность человека и окружающей среды», 140306 «Электроника и автоматика физических установок» направления 140307 «Ядерные физика и технологии»
Режим доступа: из корпоративной сети ТПУ
Idioma:ruso
Publicado: Томск, Изд-во ТПУ, 2010
Subjects:
Acceso en liña:http://www.lib.tpu.ru/fulltext2/m/2011/m191.pdf
Formato: Electrónico Libro
KOHA link:https://koha.lib.tpu.ru/cgi-bin/koha/opac-detail.pl?biblionumber=196406

MARC

LEADER 00000nlm0a2200000 4500
001 196406
005 20231101224705.0
035 |a (RuTPU)RU\TPU\book\214268 
090 |a 196406 
100 |a 20110524d2010 m y0rusy50 ca 
101 0 |a rus 
102 |a RU 
105 |a a j 001zy 
135 |a drcn ---uucaa 
181 0 |a i  
182 0 |a b 
200 1 |a Лекции по курсу "Основы автоматизации физического эксперимента"  |b Электронный ресурс  |e учебное пособие  |f К. И. Байструков  |g Национальный исследовательский Томский политехнический университет (ТПУ) 
203 |a Текст  |c электронный 
210 |a Томск  |c Изд-во ТПУ  |d 2010 
230 |a 1 компьютерный файл (pdf; 1.3 MB) 
300 |a Заглавие с титульного экрана 
300 |a Электронная версия печатной публикации 
330 |a В пособие вошли десять тематических лекций, которые охватывают основные вопросы построения систем автоматизации экспериментов от первичных измерительных преобразователей до компьютерной обработки измерительной информации. Рассмотрены элементы компьютерных измерительных систем, особое внимание уделено специальным схемам обработки сигналов, получаемых в экспериментах. Предназначено для студентов, обучающихся по специальностям 140302 «Физика атомного ядра и частиц», 140307 «Радиационная безопасность человека и окружающей среды», 140306 «Электроника и автоматика физических установок» направления 140307 «Ядерные физика и технологии» 
333 |a Режим доступа: из корпоративной сети ТПУ 
337 |a Adobe Reader 
452 1 |0 (RuTPU)RU\TPU\book\208404  |t Лекции по курсу "Основы автоматизации физического эксперимента"  |o учебное пособие  |f К. И. Байструков  |g Национальный исследовательский Томский политехнический университет (ТПУ)  |c Томск  |n Изд-во ТПУ  |d 2010  |p 126 с.  |a Байструков, Константин Иванович 
606 1 |a Физический эксперимент  |2 stltpush  |3 (RuTPU)RU\TPU\subj\63842  |9 80775 
610 1 |a электронный ресурс 
610 1 |a труды учёных ТПУ 
610 1 |a учебные пособия 
610 1 |a автоматизация 
610 1 |a измерительные преобразователи 
610 1 |a измерительные сигналы 
610 1 |a датчики 
610 1 |a информация 
610 1 |a ЭВМ 
610 1 |a цифровая обработка 
610 1 |a компьютеры 
675 |a 53.05(075.8)  |v 3 
700 1 |a Байструков  |b К. И.  |c физик  |c старший преподаватель Томского политехнического университета  |f 1966-  |g Константин Иванович  |2 stltpush  |3 (RuTPU)RU\TPU\pers\27825 
712 0 2 |a Национальный исследовательский Томский политехнический университет (ТПУ)  |c (2009- )  |2 stltpush  |3 (RuTPU)RU\TPU\col\15902 
801 1 |a RU  |b 63413507  |c 20110524 
801 2 |a RU  |b 63413507  |c 20130620  |g RCR 
856 4 |u http://www.lib.tpu.ru/fulltext2/m/2011/m191.pdf 
942 |c CF